[Event "Kragero Resort Chess 2018"]
[Site "Kragerø Resort"]
[Date "2018.02.25"]
[Round "8"]
[White "Huse, Sigurd Kjelsbøl"]
[Black "Ingebretsen, Jens E"]
[Result "0-1"]
[WhiteElo "1993"]
[BlackElo "2174"]
[PlyCount "94"]
[EventDate "2018.??.??"]

1. e4 e5 2. Nf3 Nc6 3. Bb5 a6 4. Bxc6 dxc6 5. O-O Qf6 6. d3 Bg4 7. Be3 Bxf3 8.
Qxf3 Qxf3 9. gxf3 c5 10. Nd2 f6 11. f4 exf4 12. Bxf4 O-O-O 13. a4 Ne7 14. Nc4
Nc6 15. Kg2 Nd4 16. Ne3 h5 17. h3 Bd6 18. Bxd6 Rxd6 19. f4 Rg8 20. Rf2 g6 21.
Kh2 Kb8 22. Rg1 g5 23. fxg5 fxg5 24. Rgf1 Ka7 25. Rf7 g4 26. Rxc7 Nf3+ 27. Kh1
Rg5 28. Rh7 Rf6 29. h4 Rgg6 30. Rxh5 c4 31. Rf5 cxd3 32. cxd3 Rb6 33. h5 Rg8
34. Nc4 Rb3 35. Rd5 b5 36. axb5 axb5 37. Rd7+ Kb8 38. Nd6 Rb4 39. Ra1 Ra4 40.
Rxa4 bxa4 41. Nf5 Rg5 42. Ng3 Rb5 43. Rf7 Rxb2 44. Nf1 Rf2 45. h6 g3 46. Rxf3
g2+ 47. Kg1 gxf1=R#
0-1

[Event "Kragero Resort Chess 2018"]
[Site "Kragerø Resort"]
[Date "2018.02.25"]
[Round "7"]
[White "Lie, Kjetil A."]
[Black "Hammer, Jon Ludvig"]
[Result "0-1"]
[WhiteElo "2523"]
[BlackElo "2622"]
[PlyCount "75"]
[EventDate "2018.??.??"]

1. e4 Nf6 2. e5 Nd5 3. d4 d6 4. Nf3 c6 5. Be2 dxe5 6. Nxe5 Nd7 7. Nf3 g6 8. c4
Nc7 9. Nc3 Bg7 10. Bf4 O-O 11. O-O Nf6 12. h3 Nh5 13. Be3 Ne6 14. Re1 Qc7 15.
Bf1 Rd8 16. Qd2 b6 17. Rad1 Bb7 18. Qc1 Rd7 19. d5 cxd5 20. Nxd5 Qd8 21. Qd2
Bxd5 22. cxd5 Nc7 23. Bc4 Nf6 24. Bf4 Nfe8 25. Bb3 Nd6 26. Ne5 Bxe5 27. Bxe5 a5
28. a3 a4 29. Ba2 Na6 30. h4 f6 31. Bc3 Nc5 32. Qf4 Qf8 33. g4 Rc8 34. g5 fxg5
35. Qxg5 Qf5 36. Qg2 Nce4 37. Bb1 Rc4 38. f3
0-1

[Event "Kragero Resort Chess 2018"]
[Site "Kragerø Resort"]
[Date "2018.02.25"]
[Round "9"]
[White "Hillarp Persson, Tiger"]
[Black "Chatalbashev, Boris"]
[Result "1/2-1/2"]
[WhiteElo "2543"]
[BlackElo "2571"]
[PlyCount "229"]
[EventDate "2018.??.??"]

1. d4 Nf6 2. c4 g6 3. Nc3 d5 4. Nf3 Bg7 5. Qb3 dxc4 6. Qxc4 O-O 7. e4 Na6 8.
Be2 c5 9. d5 e6 10. O-O exd5 11. exd5 Qb6 12. Qh4 Bf5 13. Bg5 Nd7 14. Bb5 Nc7
15. Bxd7 Bxd7 16. Rad1 Qb4 17. Ne4 Bf5 18. Nf6+ Bxf6 19. Qxb4 cxb4 20. Bxf6 Be4
21. d6 Nd5 22. Bh4 f6 23. Nd4 Nb6 24. Ne6 Rf7 25. f3 Bc6 26. Rd4 a5 27. Rfd1
Re8 28. Nc5 g5 29. Bf2 Nd7 30. Nxd7 Rxd7 31. R4d2 Kf7 32. Bb6 Re5 33. Kf2 Ke6
34. Bc7 Rd5 35. Re2+ Kf7 36. Rxd5 Bxd5 37. b3 h5 38. Ke3 b6 39. Rd2 Ke6 40.
Bxb6 a4 41. Bc7 axb3 42. axb3 Bxb3 43. Rb2 Bd5 44. Kd4 Ba8 45. Rxb4 g4 46. Rb8
Bd5 47. Re8+ Kf7 48. Re3 Bb7 49. fxg4 hxg4 50. Rg3 f5 51. Ke5 Kg6 52. Rb3 Bxg2
53. Ke6 Bc6 54. Rb6 Ba4 55. Rb4 Bc6 56. Rc4 Bb5 57. Rc5 Ba4 58. Rxf5 Rg7 59.
Rf6+ Kh7 60. Rf2 Bd7+ 61. Kf6 g3 62. hxg3 Rxg3 63. Bd8 Rg6+ 64. Ke5 Kg7 65.
Bf6+ Kg8 66. Rh2 Rg4 67. Rh8+ Kf7 68. Rd8 Bc6 69. d7 Bxd7 70. Rxd7+ Kg6 71. Ke6
Re4+ 72. Be5 Rg4 73. Rd8 Rg5 74. Bf6 Rg4 75. Rh8 Re4+ 76. Be5 Rg4 77. Rf8 Kg5
78. Rf6 Kh5 79. Kf5 Rg5+ 80. Ke4 Kg4 81. Bf4 Rg8 82. Rh6 Re8+ 83. Be5 Rg8 84.
Rh1 Rg6 85. Rh2 Kg5 86. Rh1 Kg4 87. Rf1 Kg5 88. Rf4 Ra6 89. Rf5+ Kg4 90. Rf4+
Kg5 91. Rf8 Rg6 92. Bf4+ Kg4 93. Re8 Rg7 94. Be5 Rg6 95. Rf8 Kg5 96. Rf7 Kg4
97. Bf6 Rg8 98. Be7 Rg6 99. Rf4+ Kg3 100. Rf3+ Kg2 101. Rf7 Kg3 102. Bf6 Rg4+
103. Ke3 Rg8 104. Be5+ Kg4 105. Rf4+ Kg5 106. Rf1 Rg6 107. Ke4 Kg4 108. Bf6 Kh5
109. Kf5 Rg5+ 110. Ke6 Rg2 111. Rf4 Kg6 112. Rh4 Re2+ 113. Be5 Rg2 114. Rh8 Rg4
115. Rg8+
1/2-1/2

[Event "Kragero Resort Chess 2018"]
[Site "KragerÃ¸ Resort"]
[Date "2018.02.25"]
[Round "9"]
[White "Kveinys, Aloyzas"]
[Black "Lie, Espen"]
[Result "1/2-1/2"]
[WhiteElo "2550"]
[BlackElo "2473"]
[PlyCount "63"]
[EventDate "2018.??.??"]

1. d4 Nf6 2. Bf4 b6 3. e3 Bb7 4. Nf3 e6 5. c3 c5 6. Bd3 Be7 7. h3 O-O 8. O-O d6
9. Nbd2 cxd4 10. cxd4 Nd5 11. Bh2 f5 12. a3 Ba6 13. Bxa6 Nxa6 14. Qe2 Nac7 15.
Rac1 Qd7 16. Rfe1 h6 17. e4 fxe4 18. Nxe4 Rae8 19. Rc2 Rf5 20. Rec1 Ref8 21.
Rc6 Ne8 22. Qa6 Ndf6 23. Ned2 Rc5 24. dxc5 Qxc6 25. Qxa7 Bd8 26. b4 bxc5 27.
bxc5 dxc5 28. Rxc5 Qd7 29. Qxd7 Nxd7 30. Rc6 Kf7 31. Nc4 Bf6 32. a4 1/2-1/2

[Event "Kragero Resort Chess 2018"]
[Site "Kragerø Resort"]
[Date "2018.02.25"]
[Round "9"]
[White "Tryggestad, Andreas G"]
[Black "Christiansen, Johan-Sebastian"]
[Result "1/2-1/2"]
[WhiteElo "2241"]
[BlackElo "2498"]
[PlyCount "105"]
[EventDate "2018.??.??"]

1. d4 d5 2. Nf3 Nf6 3. c4 dxc4 4. e3 b5 5. a4 b4 6. Bxc4 e6 7. O-O Be7 8. b3
Bb7 9. Nbd2 O-O 10. Bb2 Nbd7 11. Rc1 c5 12. Qe2 Rc8 13. Rfd1 cxd4 14. Nxd4 Qa5
15. h3 Nc5 16. N2f3 Rfd8 17. Ne1 Nfe4 18. Nd3 Bf6 19. Nxc5 Nxc5 20. Nb5 Bxb2
21. Qxb2 Ne4 22. f3 a6 23. fxe4 axb5 24. Bxb5 Bxe4 25. Rd4 Qa8 26. Rxc8 Rxc8
27. Qd2 h6 28. Bc4 Bc6 29. Bf1 e5 30. Rxb4 Rd8 31. Qc2 Bd5 32. Rb5 Be4 33. Qc7
f6 34. Ra5 Qc8 35. Qxc8 Rxc8 36. Bc4+ Kh7 37. Bd5 Bxd5 38. Rxd5 Rc3 39. b4 Rxe3
40. a5 Ra3 41. Rd6 e4 42. a6 e3 43. Kf1 f5 44. b5 Ra5 45. Rb6 f4 46. Rb7 Ra1+
47. Ke2 Ra2+ 48. Kf3 Rf2+ 49. Kg4 Kg6 50. a7 h5+ 51. Kh4 Ra2 52. Rb6+ Kh7 53.
Kxh5
1/2-1/2

[Event "Kragero Resort Chess 2018"]
[Site "Kragerø Resort"]
[Date "2018.02.25"]
[Round "9"]
[White "Kantans, Toms"]
[Black "Kaasen, Tor Fredrik"]
[Result "1/2-1/2"]
[WhiteElo "2487"]
[BlackElo "2335"]
[PlyCount "100"]
[EventDate "2018.??.??"]

1. e4 c5 2. Nf3 e6 3. d4 cxd4 4. Nxd4 a6 5. c4 Nf6 6. Nc3 Bb4 7. Qd3 d5 8. exd5
exd5 9. Be2 O-O 10. O-O Nc6 11. Rd1 Re8 12. Nxc6 bxc6 13. Bf3 Be6 14. Bg5 Be7
15. Qc2 Qb6 16. cxd5 Nxd5 17. Bxe7 Rxe7 18. Bxd5 cxd5 19. Rxd5 Rc8 20. Rd2 Bxa2
21. Nd5 Rxc2 22. Rxc2 Qe6 23. Nxe7+ Kf8 24. Rc7 Qd6 25. Rac1 Be6 26. h3 g6 27.
Nc8 Qb4 28. R7c2 Kg7 29. Na7 Bd5 30. Nc6 Qe4 31. f3 Qe3+ 32. Kh1 h5 33. Rc3 Qf2
34. Nb4 Bb7 35. Nd3 Qg3 36. Nc5 Ba8 37. Nxa6 g5 38. Nc7 Bb7 39. Ne8+ Kg6 40.
Rb3 g4 41. Rb6+ Kg5 42. Nd6 Bxf3 43. Rc5+ f5 44. Rxf5+ Kh4 45. Rxf3 Qe1+ 46.
Kh2 g3+ 47. Rxg3 Qxg3+ 48. Kh1 Qe1+ 49. Kh2 Qg3+ 50. Kh1 Qe1+
1/2-1/2

[Event "Kragero Resort Chess 2018"]
[Site "Kragerø Resort"]
[Date "2018.02.25"]
[Round "9"]
[White "Thorfinnsson, Bragi"]
[Black "Houska, Jovanka"]
[Result "1-0"]
[WhiteElo "2426"]
[BlackElo "2408"]
[PlyCount "113"]
[EventDate "2018.??.??"]

1. Nf3 d5 2. g3 Bg4 3. Bg2 c6 4. O-O e6 5. d3 Bd6 6. e4 Ne7 7. h3 Bh5 8. Qe1
Nd7 9. Nbd2 O-O 10. b3 Bb4 11. Bb2 Bxf3 12. Bxf3 Qa5 13. Rd1 Qxa2 14. Rb1 Ba3
15. Ba1 Qxc2 16. Qe3 e5 17. Bd1 Qa2 18. b4 d4 19. Qe2 Bxb4 20. Rxb4 Qxa1 21.
Rxb7 Rad8 22. Bb3 Qa6 23. Rb1 Nc8 24. Rc7 Nd6 25. Bc4 Nxc4 26. Nxc4 Nc5 27.
Nxe5 Rc8 28. Rxc8 Qxc8 29. Qc2 Nd7 30. Nxc6 Kh8 31. Nxd4 Qd8 32. Nf5 Ne5 33.
Rd1 Nf3+ 34. Kg2 Nd4 35. Nxd4 Qxd4 36. Qc4 Qe5 37. Rc1 h6 38. Qc5 Qb8 39. Ra1
Rc8 40. Qxa7 Qb2 41. Qd7 Rf8 42. Ra7 Qe2 43. Rc7 Kh7 44. Qf5+ Kg8 45. d4 g6 46.
Qf3 Qb2 47. Qc3 Qb1 48. Qc2 Qb4 49. d5 Qd4 50. Rc8 g5 51. Rxf8+ Kxf8 52. Qc8+
Kg7 53. Qe8 h5 54. Qe7 Kg6 55. d6 Qb4 56. Qe5 f6 57. Qe8+
1-0

[Event "Kragero Resort Chess 2018"]
[Site "Kragerø Resort"]
[Date "2018.02.25"]
[Round "9"]
[White "Rishovd, Svein"]
[Black "Dolzhykova, Kateryna"]
[Result "1/2-1/2"]
[WhiteElo "2126"]
[BlackElo "2319"]
[PlyCount "154"]
[EventDate "2018.??.??"]

1. Nf3 Nf6 2. b3 g6 3. Bb2 Bg7 4. g3 O-O 5. Bg2 d6 6. O-O e5 7. d3 Nc6 8. Nbd2
h6 9. e4 Be6 10. d4 exd4 11. Nxd4 Nxd4 12. Bxd4 Qd7 13. Re1 Bh3 14. c4 Bxg2 15.
Kxg2 Rfe8 16. f3 c6 17. Nf1 d5 18. exd5 Rxe1 19. Qxe1 Re8 20. Qf2 cxd5 21. Rc1
dxc4 22. Bxf6 Bxf6 23. Rxc4 Qd3 24. Rc2 b5 25. Qd2 Qf5 26. g4 Qe5 27. Ng3 Bg5
28. Qd3 Rd8 29. Qe2 Qxe2+ 30. Rxe2 Bf4 31. Ne4 a5 32. Rc2 f5 33. gxf5 gxf5 34.
Ng3 Rd5 35. Nh5 Be5 36. f4 Ba1 37. Kf2 a4 38. bxa4 bxa4 39. Ke3 a3 40. Rc6 Rb5
41. Ra6 Bb2 42. Ra7 Bc1+ 43. Kf3 Rb6 44. Ng3 Rb4 45. Nh5 Rc4 46. Rd7 Bb2 47.
Ng3 Rc3+ 48. Ke2 Rc2+ 49. Kf3 Ba1 50. Nxf5 Rxh2 51. Rd3 Rxa2 52. Nxh6+ Kf8 53.
Nf5 Bf6 54. Ne3 Be7 55. Nc4 Rh2 56. Nxa3 Bxa3 57. Kg3 Ra2 58. Rd8+ Kf7 59. Ra8
Ra1 60. Ra7+ Ke6 61. Ra6+ Kd5 62. Ra5+ Kc4 63. Re5 Bd6 64. Re2 Rg1+ 65. Kf3 Kd5
66. Rg2 Rf1+ 67. Rf2 Ra1 68. Kg4 Ke6 69. Rd2 Ra4 70. Rf2 Kf6 71. Rf1 Rb4 72.
Rf2 Rb1 73. Rd2 Bb8 74. Rd4 Rg1+ 75. Kf3 Rb1 76. Kg4 Rb7 77. Ra4 Rg7+
1/2-1/2

[Event "Kragero Resort Chess 2018"]
[Site "Kragerø Resort"]
[Date "2018.02.25"]
[Round "9"]
[White "Dahl, Trygve"]
[Black "Shehzad, Shazil"]
[Result "1-0"]
[WhiteElo "2217"]
[BlackElo "1893"]
[PlyCount "75"]
[EventDate "2018.??.??"]

1. e4 c5 2. Nf3 Nc6 3. d4 cxd4 4. Nxd4 e5 5. Nb5 a6 6. N5c3 Nf6 7. Bg5 Be7 8.
Bxf6 gxf6 9. Nd5 d6 10. Ne3 Be6 11. Nc3 Bf8 12. Ncd5 Bh6 13. Qf3 Bxd5 14. Nxd5
Nd4 15. Qxf6 Qxf6 16. Nxf6+ Kd8 17. Bd3 Ne6 18. g3 Nc7 19. Ng4 Bf8 20. Ne3 Ne6
21. c3 Kd7 22. Ke2 h5 23. h4 Rb8 24. Rhd1 Bh6 25. Nd5 b5 26. b4 Rhc8 27. a4 Nc7
28. axb5 Nxd5 29. exd5 axb5 30. Bf5+ Ke7 31. Bxc8 Rxc8 32. Kd3 e4+ 33. Kxe4
Rxc3 34. Ra7+ Kf6 35. Rd7 Rc4+ 36. Rd4 Rxd4+ 37. Kxd4 Bf8 38. Rb7
1-0